| 000 | 00677nam a2200241 a 4500 | ||
|---|---|---|---|
| 001 | 2755299 | ||
| 005 | 20180206032301.0 | ||
| 008 | 820218s1980 enka b 001 0 eng | ||
| 010 | _a 79041677 | ||
| 015 | _aGB*** | ||
| 020 | _a0422772704 | ||
| 020 | _a0422772801 (pbk.) | ||
| 040 |
_aDLC _cDLC _dDLC |
||
| 041 | _aeng | ||
| 080 | _a658.40019 VRI | ||
| 082 | 0 | 0 |
_a658.40019 VRI _219 |
| 100 | 2 | _a54 | |
| 101 | _aMEN | ||
| 245 | 1 | 0 |
_aOrganizational paradoxes : _cManfred F.R. Kets de Vries. |
| 504 | _aIncludes bibliographical references and indexes. | ||
| 906 |
_a7 _bcbc _corignew _d2 _eocip _f19 _gy-gencatlg |
||
| 942 |
_2ddc _cBK |
||
| 999 |
_c41847 _d41847 |
||